000 01120cam a2200301 a 4500
999 _c518
_d518
001 2979525
003 GZU
005 20200902155215.0
008 921210s1993 enka b 001 0 eng
010 _a 92044657
020 _a0582059151 (pbk.)
040 _aDLC
_cDLC
_dDLC
043 _an-us---
050 0 0 _aD16.3
_b.BRO 1993
100 1 _aBrooks, Ron,
_d1939-
_eauthor
245 1 4 _aThe effective teaching of history /
_cRon Brooks, Mary Aris, Irene S. Perry.
260 _aLondon ;
_aNew York :
_bLongman,
_c1993.
300 _aix, 214 p. :
_bill. ;
_c22 cm.
440 4 _aThe effective teacher series
500 _aIncludes bibliographical references (p. [211]-212) and index.
504 _aIncludes bibliographical references (p. [211]-212) and index.
650 0 _aHistory
_xStudy and teaching (Higher)
_zUnited States.
700 1 _aAris, Mary,
_d1946-
_eauthor
700 1 _aPerry, Irene S.,
_d1948-
_eauthor
906 _a7
_bcbc
_corignew
_d1
_eocip
_f19
_gy-gencatlg
942 _2lcc
_cBK
_h16.3
_iBRO
_kD